Responses for Show #2744 - Thursday, July 4, 1996

Contestants

[<< previous game]

Bill Ruehr, a data administrator from Woodland Hills, California

Elliot Visconsi, a graduate student originally from Cleveland, Ohio

Carol Ann Krug, a software design engineer from Sunnyvale, California (whose 1-day cash winnings total $11,400)

[next game >>]

Jeopardy! Round responses

ANNUAL EVENTS
JULY
4th
"HOT"
DOGS
BEANS
    $100 11
the Suwanee

Carol Ann
    $100 21
Julius Caesar

Carol Ann
    $100 16
Michael Jackson

Carol Ann
    $100 1
a hot air balloon

Carol Ann
    $100 6
a Labrador Retriever

Elliot
    $100 26
green beans

Bill
    $200 12
Will Rogers

Carol Ann
    $200 22
the Bastille

Bill
    $200 17
St. Louis

Carol Ann
    $200 2
Hot Lips

Bill
    $200 7
Tibet

Carol Ann
    $200 27
a kidney bean

Bill
    $300 13
the Indianapolis 500

Elliot
    $300 23
the water lily

Carol Ann
    $300 18
(Elliot: What is the funny bone?)

the humerus

Carol AnnElliot
    $300 3
hot cross buns

Elliot
    $300 8
a basset hound

Carol Ann
    $300 28
black beans

Carol Ann
    $400 14
Valentine's Day

Carol Ann
    $400 24
Idaho

Elliot
    $400 19
(Elliot: What is the election for the presidency of France?)

the election for the presidency of the United States

Elliot
Triple Stumper
    $400 4
The Hot Zone

Carol Ann
    $400 9
a terrier

Triple Stumper
    $400 29
(Elliot: What are lima beans?)

fava beans

Elliot
Triple Stumper
    $300 15
New Hampshire

Carol Ann
    $500 25
the moon

Carol Ann
    $500 20
Lake Erie

Bill
    $500 5
(Bill: What is [*] Tonight?)

"A Hot Time In The Old Town"

Bill
    $500 10
a whippet

Elliot
    $500 30
mung beans

Carol Ann

Scores at the first commercial break (after clue 15):

Carol Ann Elliot Bill
$2,000 $1,200 $700

Scores at the end of the Jeopardy! Round:

Carol Ann Elliot Bill
$4,300 $500 $1,700

Double Jeopardy! Round responses

HISTORIC LITERATURE
WORLD CITIES
THE BIBLE
PAINTING & SCULPTURE
THE SUPREME COURT
FILM BIOGRAPHIES
    $200 2
Harriet Beecher Stowe

Carol Ann
    $200 1
Reykjavik

Carol Ann
    $200 13
Cain

Elliot
    $200 11
blue

Elliot
    $200 28
[The end-of-round signal sounds.]

Abraham Lincoln

Elliot
    $200 18
Lindbergh

Carol Ann
    $300 3
(Carol: What is Berlin?)
...
(Alex: Karl Marx was studying there, living there at the time.)

London

Carol Ann
    $400 7
Calcutta

Carol Ann
    $400 15
the Sea of Galilee

Elliot
    $400 12
Joan of Arc

Bill
    $400 19
Bruce Lee

Carol Ann
    $600 4
The Prince

Bill
    $600 8
Sao Paulo

Bill
    $600 23
Jacob

Bill
    $600 14
Farragut

Bill
    $600 20
Paul Newman

Carol Ann
    $800 5
Latin

Elliot
    $800 9
Khartoum

Bill
    $800 24
(Alex: We have about a minute to go.)

Jonah

Triple Stumper
    $800 16
The Discus Thrower

Carol Ann
    $800 27
Taft

Carol Ann
    $800 21
Ed Wood

Elliot
    $1000 6
Civil Disobedience

Carol Ann
    $1000 10
Islamabad

Carol Ann
    $1000 25
(Elliot: What is the Well of the Soul?)

Pool of Bethesda

Elliot
Triple Stumper
    $1000 17
(Elliot: Who is Rodin?)

Houdon

Elliot
Triple Stumper
    $3,000 26
Massachusetts

Bill
    $1000 22
(Bill: Who is Rawlins?)

(Marjorie Kinnan) Rawlings

Carol AnnBill

Scores at the end of the Double Jeopardy! Round:

Carol Ann Elliot Bill
$10,600 $1,100 $7,300

[wagering suggestions for these scores]

Final Jeopardy! Round responses

SCOTTISH INVENTORS
ElliotWho is James Watt?
$1,099
BillWho is Watt
$699
Carol AnnWho is MacIntosh?
$4,001
(Charles) Macintosh

Final scores:

Carol Ann Elliot Bill
$14,601 $1 $6,601
2-day champion: $26,001 3rd place: Konica Mermaid camera 2nd place: trip to Mesquite, Nevada & stay at Merv Griffin's Players Island Hotel-Casino-Spa

Game dynamics:

Coryat scores:

Carol Ann Elliot Bill
$11,100 $1,100 $5,300
27 R
(including 1 DD),
1 W
(including 1 DD)
11 R,
5 W
13 R
(including 1 DD),
1 W

Combined Coryat: $17,500

[game clues] [game scores] [suggest correction]

Game tape date: 1996-02-14
The J! Archive is created by fans, for fans. Scraping, republication, monetization, and malicious use prohibited; this site may use cookies and collect identifying information. See terms. The Jeopardy! game show and all elements thereof, including but not limited to copyright and trademark thereto, are the property of Jeopardy Productions, Inc. and are protected under law. This website is not affiliated with, sponsored by, or operated by Jeopardy Productions, Inc. Join the discussion at JBoard.tv.